Normal view MARC view

Entry Nome pessoal

Number of records used in: 1

001 - NÚMERO DE CONTROLE

  • campo de controle: 358

003 - IDENTIFICADOR DO NÚMERO DE CONTROLE

  • campo de controle: Br

005 - DATA E HORÁRIO DA ÚLTIMA TRANSAÇÃO

  • campo de controle: 20250203075936.0

008 - CAMPO DE DADOS FIXOS

  • campo de controle de tamanho fixo: 100101|| acnnnaab| aaaa d

035 ## - NÚMERO DE CONTROLE DO SISTEMA

  • Número de Controle do Sistema: 100101815244924E18

040 ## - FONTE DA CATALOGAÇÃO

  • Instituição da catalogação original: Br
  • Instituição que transcreveu o registro: Br
  • Convenções de cabeçalho de assunto/tesauros: Br

100 1# - CABEÇALHO--NOME PESSOAL

  • Nome pessoal: Dejnióv, Nikolai.
  • Datas associadas ao nome: 1962-

670 ## - FONTE POSITIVA DOS DADOS

  • Citação da fonte positiva dos dados: Autor de: Em ritmo de conceito. 2000.
  • Dados encontrados na fonte localizada no subcampo: (orelha: fisico e especialista em Economia Internacional)

675 ## - FONTE NEGATIVA DOS DADOS

  • Citação da fonte positiva dos dados: Delta
  • Citação da fonte positiva dos dados: Mirador
  • Citação da fonte positiva dos dados: LC name auth., 77-86
  • Citação da fonte positiva dos dados: LC name auth., 87-93
  • Citação da fonte positiva dos dados: BN-Opale

Powered by Koha